Megacities by Picture - Statistics

General Stats
  • This quiz has been taken 293 times
  • The average score is 22 of 35
Answer Stats
Picture Answer % Correct
Paris
98%
London
95%
Moscow
95%
New York
94%
Tokyo
92%
Beijing
88%
Istanbul
86%
Delhi
84%
Rio de Janeiro
83%
Shanghai
80%
Mumbai
78%
Los Angeles
70%
Cairo
69%
Bangkok
66%
Mexico City
63%
Seoul
63%
Sao Paulo
62%
Tehran
62%
Kolkata
59%
Buenos Aires
58%
Osaka
57%
Guangzhou
55%
Jakarta
55%
Karachi
52%
Lagos
49%
Bangalore
47%
Manila
47%
Chennai
45%
Johannesburg
44%
Lima
43%
Dhaka
42%
Lahore
36%
Kinshasa
33%
Nagoya
25%
Tianjin
25%
No matching quizzes found
Score Distribution
Percent of People with Each Score
Percentile by Number Answered
Your Score History
You have not taken this quiz